[Event "DSOL 05 Liga Gr-A 1st"]
[Site "Playchess.com INT"]
[Date "2020.08.12"]
[Round "2.1"]
[White "Geisler, Andre"]
[Black "Schaper, Jan Erik"]
[Result "0-1"]
[WhiteElo "1549"]
[BlackElo "1805"]
[PlyCount "84"]
[EventDate "2020.06.22"]
[EventType "team-tourn (rapid)"]
[EventCountry "GER"]
[SourceTitle "EXT 2021"]
[Source "ChessBase"]
[SourceDate "2020.10.23"]
[SourceVersion "1"]
[SourceVersionDate "2020.10.23"]
[SourceQuality "1"]
[WhiteTeam "Hamburg Lurup"]
[BlackTeam "Kaltenkirchen"]
[WhiteTeamCountry "GER"]
[BlackTeamCountry "GER"]

1. e4 g6 2. d4 Bg7 3. Nf3 d6 4. c4 c6 5. Nc3 Nd7 6. Be2 e5 7. d5 c5 8. Nb5 Nb6 9. a4 a6 10. Nc3 Bg4 11. a5 Nd7 12. h3 Bxf3 13. Bxf3 Ngf6 14. 0-0 0-0 15. Qa4 Qc7 16. Be3 Rfb8 17. b4 cxb4 18. Qxb4 Rc8 19. Rfc1 Qxc4 20. Qxd6 Bf8 21. Be2 Bxd6 22. Bxc4 Rxc4 23. f3 Rac8 24. Ne2 Rxc1+ 25. Nxc1 Rc3 26. Kf2 Bc5 27. Bxc5 Nxc5 28. Ne2 Rc4 29. Ke3 Nfd7 30. f4 Rxe4+ 31. Kf3 f6 32. fxe5 Nxe5+ 33. Kf2 Ra4 34. Rxa4 Nxa4 35. Nd4 Nc3 36. d6 Nb5 37. Nxb5 axb5 38. Ke3 Kf7 39. Kd4 Ke6 40. Kc5 b4 41. Kxb4 Kxd6 42. Kb5 Kc7 0-1

[Event "DSOL 05 Liga Gr-A 1st"]
[Site "Playchess.com INT"]
[Date "2020.06.24"]
[Round "1.3"]
[White "Rackisch, Matthias"]
[Black "Geisler, Andre"]
[Result "1-0"]
[WhiteElo "1709"]
[BlackElo "1549"]
[PlyCount "35"]
[EventDate "2020.06.22"]
[EventType "team-tourn (rapid)"]
[EventCountry "GER"]
[SourceTitle "EXT 2021"]
[Source "ChessBase"]
[SourceDate "2020.10.23"]
[SourceVersion "1"]
[SourceVersionDate "2020.10.23"]
[SourceQuality "1"]
[WhiteTeam "Knappen Wittekinds"]
[BlackTeam "Hamburg Lurup"]
[WhiteTeamCountry "GER"]
[BlackTeamCountry "GER"]

1. e4 e5 2. Nf3 Nc6 3. Bc4 Bc5 4. 0-0 Nf6 5. d4 exd4 6. e5 Ng4 7. Bxf7+ Kxf7 8. Ng5+ Kg8 9. Qxg4 Nxe5 10. Qe4 Qf6 11. Qd5+ Kf8 12. Qxc5+ Qe7 13. Qxd4 h6 14. Qf4+ Qf6 15. Qxf6+ gxf6 16. Ne4 Kf7 17. Nbc3 d6 18. Bf4 1-0